LEADER 02022nam 2200613 450 001 9910831170503321 005 20170924183005.0 010 $a3-433-60527-0 010 $a3-433-60341-3 010 $a3-433-60525-4 035 $a(CKB)3710000000585602 035 $a(EBL)4386670 035 $a(SSID)ssj0001634763 035 $a(PQKBManifestationID)16387004 035 $a(PQKBTitleCode)TC0001634763 035 $a(PQKBWorkID)14950235 035 $a(PQKB)10093154 035 $a(MiAaPQ)EBC4386670 035 $a(MiAaPQ)EBC6735518 035 $a(Au-PeEL)EBL6735518 035 $a(OCoLC)1273977328 035 $a(EXLCZ)993710000000585602 100 $a20160219h20162016 uy 0 101 0 $ager 135 $aur|n|---||||| 181 $ctxt 182 $cc 183 $acr 200 00$aBeton-Kalender 2016 $ebeton im Hochbau Silos und beha?lter /$fherausgegeben von Prof. Dipl.-Ing. DDr. Dr.-Ing. E.h. Konrad Bergmeister Wien, Prof. Dr.-Ing. Frank Fingerloos, Berlin, Prof. Dr.-Ing. Dr. h. c. mult. Johann-Dietrich Wo?rner, Darmstadt 210 1$aBerlin, Germany :$cErnst & Sohn,$d2016. 210 4$d©2016 215 $a1 online resource (1485 p.) 225 1 $aBeton-Kalender (VCH) * 300 $aDescription based upon print version of record. 311 $a3-433-03074-X 320 $aIncludes bibliographical references at the end of each chapters and index. 410 0$aBeton-Kalender (VCH) * 606 $aConcrete construction 606 $aStructural engineering 606 $aFoundations$xDesign and construction 615 0$aConcrete construction. 615 0$aStructural engineering. 615 0$aFoundations$xDesign and construction. 676 $a624.1834 702 $aBergmeister$b Konrad 702 $aFingerloos$b Frank 702 $aWo?rner$b Johann Dietrich 801 0$bMiAaPQ 801 1$bMiAaPQ 801 2$bMiAaPQ 906 $aBOOK 912 $a9910831170503321 996 $aBeton-Kalender 2016$93926750 997 $aUNINA LEADER 01000cam0-2200337---450 001 990004169450403321 005 20250627121548.0 035 $a000416945 100 $a19990604d1974----km-y0itay50------ba 101 0 $aita 102 $aIT 105 $aaf------001yy 200 1 $aEpigrafia$fAristide Calderini 210 $aTorino$cSocietà Editrice Internazionale$d1974 215 $aXI, 378 p., [32] p. di tav.$cill.$d25 cm 225 1 $aManuali universitari$h1$iPer lo studio delle scienze dell'antichità 610 0 $aEpigrafia 676 $a411.7$v22 676 $a340 700 1$aCalderini,$bAristide$f<1883-1968>$0162594 801 0$aIT$bUNINA$gRICA$2UNIMARC 901 $aBK 912 $a990004169450403321 952 $a083 CALA 01$bBibl.50435$fFLFBC 952 $aSDI-XVII A 1$b702$fSDI 952 $aDDR-Ep. I 001$b36 ddr$fDDR$m21-5406 952 $a083 CALA 01 bis$bANT G.R. 2538$fFLFBC 959 $aFLFBC 959 $aSDI 996 $aEpigrafia$9220413 997 $aUNINA